Statistics for FIFA 21 Top 10 Strikers

Click here to take the quiz!

General Stats

  • This quiz has been taken 740 times
  • The average score is 7 of 10

Answer Stats

RankPlayerOVA% Correct
1Cristiano Ronaldo92
99%
2Robert Lewandowski91
93%
3Kylian Mbappé90
90%
7Harry Kane88
81%
4Karim Benzema89
81%
5Sergio Agüero89
79%
9Antoine Griezmann87
64%
8Roberto Firmino88
58%
10Ciro Immobile87
43%
6Paulo Dybala88
42%

Score Distribution

Percentile by Number Answered

Percent of People with Each Score

Your Score History

You have not taken this quiz